| 000 | 01583nam a2200385Ii 4500 | ||
|---|---|---|---|
| 001 | DIGFUNDV0021 | ||
| 003 | NyNyDIG | ||
| 007 | cr ||||||||||| | ||
| 008 | 230114s2004 sp ob 000 0 spa d | ||
| 006 | m o d | ||
| 035 | _a(OCoLC)889260987 | ||
| 040 |
_aDGITA _beng _erda _epn _cDGITA |
||
| 050 | 1 | 4 | _aHC79.E5 ebook |
| 100 | 1 |
_aMayol, Imma, _d1958- _eauthor. |
|
| 245 | 1 | 0 |
_aCorresponsabilidad empresarial en el desarrollo sostenible / _cImma Mayo. |
| 264 | 1 |
_aBarcelona : _bFundació Víctor Grífols i Lucas, _c[2004] |
|
| 300 | _a1 online resource. | ||
| 336 |
_atext _btxt _2rdacontent |
||
| 337 |
_acomputer _bc _2rdamedia |
||
| 338 |
_aonline resource _bcr _2rdacarrier |
||
| 347 |
_atext file _2rdaft |
||
| 347 | _bEPUB | ||
| 490 | 1 |
_aCuadernos de la Fundació Víctor Grífols i Lucas ; _vno. 10 |
|
| 504 | _aIncludes bibliographical references. | ||
| 588 | 0 | _aOnline resource; title from ePub title page (Digitalia, viewed January 14, 2023) | |
| 650 | 0 | _aSustainable development. | |
| 650 | 0 |
_aEconomic development _xEnvironmental aspects. |
|
| 791 | 2 |
_aDigitalia (Firm), _edistributor. |
|
| 793 | 0 |
_gDigitalia eBook Collection: _aFundació Víctor Grifols i Lucas |
|
| 776 | 0 | 8 |
_iPrint version: _aMayol, Imma, 1958- _tCorresponsabilidad empresarial en el desarrollo sostenible. _dBarcelona : Fundació Víctor Grífols i Lucas, [2004] |
| 830 | 0 |
_aCuadernos de la Fundació Víctor Grífols i Lucas ; _v10. |
|
| 856 | 4 | 0 |
_3Digitalia Hispánica _uhttps://www.digitaliapublishing.com/a/24310/ |
| 910 | _aPremium collection: 2023 | ||
| 942 | _cRAA | ||
| 999 |
_c238309 _d238309 |
||